| 000 | 00498nam a22001937a 4500 | ||
|---|---|---|---|
| 005 | 20260407145853.0 | ||
| 008 | 260120b |||||||| |||| 00| 0 eng d | ||
| 020 |
_a9789391820978 _c395.00 |
||
| 040 | _aMAIN | ||
| 041 | _aEnglish | ||
| 082 |
_bKAP _a346.07 |
||
| 100 |
_aKapoor, N.D. _91633 |
||
| 245 |
_aElements of Company Law _b: Academic Textbook on the Companies Act 2013 |
||
| 250 | _a32th | ||
| 260 |
_aNew Delhi _bS. Chand _c2025 |
||
| 300 | _a468 | ||
| 650 | _aCommerce | ||
| 942 | _cBK | ||
| 999 |
_c60014 _d60014 |
||